MDQL
is popping MORE tags! Check the
thread
!
Quizzes
Events
Quiz Creation
Community
Videos
Private Events
Remove Ads
Sign In
Join for FREE
Feedback
Dark Mode
Quiz Categories
Sports
Geography
Music
Movies
Television
Just For Fun
Miscellaneous
History
Literature
Language
Science
Gaming
Entertainment
Religion
Holiday
For Kids
Quiz Lab
Recent
Popular Today
Quiz Kudos Today
Editor Picks
Curator Picks
Quizzes by...
Day
Popularity
Type
Ratings
Length
Year
Community
Subscriptions
Recent Discussions
Orange Saloon
Badges
Playlists
Quests
Create
Leaderboards
Showdown
Live 5
Trivia Bingo
Activity
Puzzle Library
Sporcle Events
Private Events
Virtual Trivia
Globe League
Become a Host
Pub Owners
SporcleCon
Opinionation
Our Games
Videos
Blog
Mobile Apps
Partnerships
Remove Ads and Go Orange
Feedback
Religion
Mythology
Religious Music
World Religions
Bible
Christianity
Catholicism
Judaism
Church
Scripture
Islam
Verse
Religion
Mythology
Religious Music
World Religions
Bible
Christianity
Catholicism
Judaism
Church
Scripture
Islam
Verse
Random Quiz
Search Sporcle
×
Curator Pick
Curator Pick
Religion
Bible
Type in answers that appear in a list
Type in answers that appear in a list
Classic
Best Score? Go Orange.
Bible Names by Letter Stats
Can you name the Bible character beginning with each letter of the alphabet?
By
JamesyWamesy
6m
26 Questions
1,510 Plays
1,510 Plays
1,510 Plays
Comments
Comments
Give Quiz Kudos
Give Quiz Kudos
-
- Ratings
hide this ad
Replay
Link that replays current quiz
Next Quiz
Link to next quiz in quiz playlist
You Got
0%
They Got
Avg Score
56%
Avg Friend Score
Upgrade to see
Score Distribution
Jump to the score distribution portion of the page
Score
0/26
Timer
06:00
0
Plays Today
Letter
Character
% Correct
A
Abraham
87.3%
C
Cain
86.1%
J
Jesus
84.1%
N
Noah
82%
M
Mary
80.3%
D
David
77%
P
Paul
74.5%
I
Isaac
71.7%
L
Lazarus
71.3%
S
Solomon
67.6%
W
wise men
61.8%
B
Barabbas
61.6%
O
Obadiah
55.8%
Letter
Character
% Correct
H
Herod
54.3%
X
Xerxes
52.3%
Y
Yahweh
51.3%
T
Timothy
50.4%
E
Elisabeth
48.7%
G
Gideon
42.4%
U
Uriah
41.7%
R
Rahab
35.2%
Z
Zebedee
30.1%
F
Felix or Festus
28.7%
Q
Queen of Sheba
24%
V
Vashti
22.8%
K
Kish
14.4%
Quiz Playlist
Details
Report
Send in Message
Add To Playlist
Classic:
Type in answers that appear in a list
Quiz Source
Last Updated: Nov 9, 2018
Curator Pick in
Bible
Quiz Scoreboard
CHALLENGE
Sign Up to Join the Scoreboard
Show All
Scores
Hide
Comments
May contain spoilers
Recently Published
Find the 'City' Movie
by crazypaving
Movies
60s
5x2 Blitz: Bands
by SL_Kpop136
Music
30s
Colored Red Africa Blitz
by spor1
Geography
30s
More to Explore
Quiz From the Vault
Featured Blog Post
14 Easter Pick-up Lines to Find Eggs With
hide this ad
You Might Also Like...
Tags
Alphabet Quiz
Bible Quiz
Christianity Quiz
name
Today's Top Quizzes in Religion
Browse Religion
hide this ad
Today's Top Quizzes in Bible
Browse Bible
Top Contributed Quizzes in Religion
1
Christmas Pick: Judaism
2
Christmas Pick: Islam
3
Christmas Pick: World Religions
4
Longevity in the Bible
5
Artistic Maundy Thursday
6
Mythological Creature Bunker
7
Are they in the Bible?
8
One Thing in Common: Mythology II
9
One Thing in Common: Mythology
10
Christmas Pick: Religious Music
Explore More
Trending Topics
Marvel
Crossword
Anime
NBA
Disney
Harry Potter
Kpop
WWE
Soccer
Pokémon
Song
NFL
Puzzle
Country
The Office
hide this ad
More By:
JamesyWamesy
Quiz
Plays
Rating
Category
Featured
Created
Bible Names by Letter
1,510
4.73
Religion
May 27, 2011
Lost character hometowns
478
3.25
Television
Dec 15, 2009
The Great Border Journey 3
381
2.43
Geography
Nov 28, 2010
The Great Border Journey 2
176
3.50
Geography
Nov 26, 2010
Go to Creator's Profile
Score Distribution
Quiz Creator Spotlight
JamesyWamesy
Follow
Send a Message
Quizzes Created
-
Created Quiz Play Count
-
More By This Creator
Popular Quizzes Today
1
Colored Red Africa Blitz
2
Find the 'City' Movie
3
Find the US States - No Outlines Minefield
4
5x2 Blitz: Bands
5
The Countries of the World
6
Find the US States
7
US States
8
Find the Countries of Europe - No Outlines Minefield
More Religion Quizzes
Most Common Pope Names
Published
Trending Quizzes
Colored Red Europe Blitz I
Colored Red Europe Blitz II
Colored Red Africa Blitz II
Colored Red Europe Blitz III
Colored Red Africa Blitz III
Recently Updated
How Do You Spell That?
pecheneg
Godzilla Movies
pecheneg
Grab Bag: 4-10 Letters
pecheneg
2024 March Madness Bracket
pecheneg
Famous TV Couples
Peacemaker
Champions League XIs: Real Madrid
pecheneg
Largest US Cities 1790-2010
pecheneg
Rides in Walt Disney World
pecheneg
Most Oscar Losses (Acting)
pecheneg
Beyoncé Albums
pecheneg
Trending Topics
Anime
Crossword
NBA
Disney
Kpop
Marvel
Harry Potter
Pokémon
WWE
Soccer
Song
NFL
The Office
Country
Puzzle
Your Account Isn't Verified!
In order to create a playlist on Sporcle, you need to verify the email address you used during registration. Go to your
Sporcle Settings
to finish the process.
Report this User
Report this user for behavior that violates our
Community Guidelines
.
Details:
Send Report
Go to the Sporcle.com Mobile Site →
Comments